|
|
|
|
| LEADER |
02278nam a2200553 i 4500 |
| 001 |
nkc20213312993 |
| 003 |
CZ PrNK |
| 005 |
20210921065055.0 |
| 007 |
ta |
| 008 |
210318t20182018xr ab e f 000 0 cze |
| 020 |
|
|
|q (Brožováno)
|
| 040 |
|
|
|a BOA001
|b cze
|e rda
|
| 041 |
1 |
|
|a cze
|a eng
|a ger
|h cze
|
| 043 |
|
|
|a e-gx---
|a e-au---
|a e-xr---
|b e-xr-cc
|2 czenas
|
| 072 |
|
7 |
|a 913(4)
|x Geografie Evropy, reálie, cestování
|2 Konspekt
|9 7
|
| 080 |
|
|
|a 913:338.483.1
|2 MRF
|
| 080 |
|
|
|a 502.2:338.483.11
|2 MRF
|
| 080 |
|
|
|a (437.31-13)
|2 MRF
|
| 080 |
|
|
|a (430-12)
|2 MRF
|
| 080 |
|
|
|a (437.31-14)
|2 MRF
|
| 080 |
|
|
|a (430)
|2 MRF
|
| 080 |
|
|
|a (430.129)
|2 MRF
|
| 080 |
|
|
|a (036)
|2 MRF
|
| 100 |
1 |
|
|a Dvořáková, Alena
|7 jo2013776972
|4 aut
|
| 245 |
1 |
0 |
|a Šumava, Český les a bavorské příhraničí =
|b Böhmerwald, Oberpfälzer Wald - Tschechischer Teil und Bayerisches Grenzgebiet = Šumava, Upper Palatinate Forest and Bavarian border region /
|c text: Alena Dvořáková
|
| 246 |
3 |
1 |
|a Böhmerwald, Oberpfälzer Wald - Tschechischer Teil und Bayerisches Grenzgebiet
|
| 246 |
3 |
1 |
|a Šumava, Upper Palatinate Forest and Bavarian border region
|
| 264 |
|
1 |
|a [Plzeň] :
|b Plzeňský kraj,
|c [2018]
|
| 264 |
|
4 |
|c ©2018
|
| 300 |
|
|
|a 32 nečíslovaných stran :
|b barevné ilustrace, mapy ;
|c 21 x 30 cm
|
| 336 |
|
|
|a text
|b txt
|2 rdacontent
|
| 336 |
|
|
|a statický obraz
|b sti
|2 rdacontent
|
| 337 |
|
|
|a bez média
|b n
|2 rdamedia
|
| 338 |
|
|
|a svazek
|b nc
|2 rdacarrier
|
| 500 |
|
|
|a Název z obálky
|
| 546 |
|
|
|a Souběžný německý a anglický text
|
| 650 |
0 |
7 |
|a turistické zajímavosti
|7 ph126800
|z Česko
|2 czenas
|
| 650 |
0 |
7 |
|a turistické zajímavosti
|7 ph126800
|z Německo
|2 czenas
|
| 650 |
0 |
7 |
|a přírodní zajímavosti
|7 ph137777
|z Česko
|2 czenas
|
| 650 |
0 |
7 |
|a přírodní zajímavosti
|7 ph137777
|z Německo
|2 czenas
|
| 651 |
|
7 |
|a Šumava (pohoří)
|7 ge128617
|2 czenas
|
| 651 |
|
7 |
|a Český les (Česko a Německo : pohoří)
|7 ge131720
|2 czenas
|
| 651 |
|
7 |
|a Bavorský les (Německo : pohoří)
|7 ge128393
|2 czenas
|
| 655 |
|
7 |
|a informační publikace
|7 fd132454
|2 czenas
|
| 910 |
2 |
|
|a BOA001
|b 4-1470.266
|
| 990 |
|
|
|a BK
|
| 995 |
|
|
|a 61
|
| 991 |
|
|
|b 202109
|c NOV
|
| 996 |
6 |
|
|b 2610872460
|c 4-1470.266
|l MZK
|r Sklad / do 1 hodiny
|n 0
|p dar
|w 001858212
|u 000010
|a 1
|e BOA001
|j MZK50
|s P
|